Tous les sites UNESCO de Hongrie sur une carte - Statistiques

Statistiques générales
  • Ce quiz a été pris 24 fois
  • Le résultat moyen est 6 sur 8
Réponses sur la Carte
Les réponses sont colorées sur une échelle allant du rouge au vert en fonction du pourcentage des utilisateurs qui les ont devinées à leur premier essai. Vous pouvez retrouver ces pourcentages ci-dessous.
 
Statistiques - réponses
Réponse % Correct
Budapest, les rives du Danube, le château de Buda et l’avenue Andrássy
95%
Grottes du karst d'Aggtelek et du karst de Slovaquie
85%
Hollókő, le vieux village et son environnement
75%
Paysage culturel historique de la région viticole de Tokaj
75%
Abbaye bénédictine millénaire de Pannonhalma
70%
Paysage culturel de Fertö / Neusiedlersee
60%
Nécropole paléochrétienne de Pécs (Sopianae)
55%
Parc national de Hortobágy - la Puszta
55%
Aucun quiz correspondant
Distribution des résultats
% des personnes avec chaque résultat
Percentile par nombre de réponses
Votre historique - résultats
Vous n’avez pas pris ce quiz